000 00717nam a2200229Ia 4500
003 OSt
005 20230802153619.0
008 210716s1991 xx 000 0 und d
020 _a9813005866
040 _cAIMIT LIBRARY
041 _aeng
082 _a005.11
_21
_bFRAR
100 _aFrankel, Richard.
_9129164
245 _aUp and running with clipper 5.01 /
_cBy Richard Frankel.
250 _a1st ed.
260 _aSingapore :
_bTechnical Publications ,
_c1991.
300 _axii,159p. ;
_bPB
_c20 cm.
650 _aInstallation and configuration
_9129165
650 _aProgramming with menu structures
_9129166
650 _aDatabase concepts and creation
_9129167
942 _2ddc
_cBK
_e1st ed.
_k005.11 FRAR
999 _c182379
_d182379